| 000 | 00849 a2200241 4500 | ||
|---|---|---|---|
| 003 | OSt | ||
| 005 | 20230906123859.0 | ||
| 008 | 230302s2019 mx a|||| |||| 001 0 sp d | ||
| 020 | _a9788484765448 | ||
| 040 | _cCHAP | ||
| 082 | 0 | 0 |
_222 _a625.7 _bH56 |
| 100 | 1 |
_9187901 _aHerráez Garrido, F. |
|
| 245 | 1 | 0 |
_aIngeniería de vías agroforestales: _bdiseño, cálculo, construcción y mantenimiento de caminos / _cF. Herráez Garrido y A. Moreno Vega. |
| 264 | 1 |
_aEspaña: _bMundi-prensa, _c2019. |
|
| 300 |
_a581 páginas: _bfiguras. |
||
| 504 | _aBibliografía páginas: 569-581 | ||
| 650 | 4 |
_9150803 _aIngenieria _x proyectos |
|
| 650 | 4 |
_917866 _aCaminos _xPlaneación |
|
| 650 | 4 |
_917861 _aCaminos _xMantenimiento y reparación |
|
| 650 | 4 |
_9187905 _aCaminos _xDiseño y construcción |
|
| 700 | 1 |
_9187904 _aMoreno Vega, A. |
|
| 942 |
_cLibro _2ddc |
||
| 999 |
_c218476 _d218476 |
||